|
|
|
|
| LEADER |
01043nnm a2200277 i 4500 |
| 001 |
eta4715 |
| 005 |
20210113083529.0 |
| 008 |
210113suuuu hu o 0|| eng d |
| 040 |
|
|
|a SZTE Elektronikus Tananyag Archívum
|b hun
|
| 041 |
|
|
|a eng
|
| 100 |
1 |
|
|a Ozsvár Zoltán
|
| 245 |
1 |
0 |
|a Empirical studies of reconstructing hv-convex binary matrices from horizontal and vertical projections
|h [elektronikus dokumentum] /
|c Ozsvár Zoltán
|
| 300 |
|
|
|a 18
|
| 516 |
|
|
|a Presentation
|
| 650 |
|
4 |
|a Természettudományok
|
| 650 |
|
4 |
|a Matematika
|
| 650 |
|
4 |
|a Elméleti és alkalmazott matematika
|
| 650 |
|
4 |
|a Számítás- és információtudomány
|
| 650 |
|
4 |
|a Számítástudomány, információtudomány és bioinformatika
|
| 650 |
|
4 |
|a Orvos- és egészségtudomány
|
| 650 |
|
4 |
|a Klinikai orvostan
|
| 650 |
|
4 |
|a Radiológia, sugárgyógyászat és orvosi képalkotás
|
| 650 |
|
4 |
|a Tomográfia
|
| 695 |
|
|
|a tomográfia
|
| 700 |
0 |
1 |
|a Balázs Péter
|e aut
|
| 856 |
4 |
0 |
|u https://eta.bibl.u-szeged.hu/4715/1/2010-0012_33_08.pdf
|z Dokumentum-elérés
|